<?xml version="1.0" encoding="UTF-8"?>
<record
    xmlns:xsi="http://www.w3.org/2001/XMLSchema-instance"
    xsi:schemaLocation="http://www.loc.gov/MARC21/slim http://www.loc.gov/standards/marcxml/schema/MARC21slim.xsd"
    xmlns="http://www.loc.gov/MARC21/slim">

  <leader>02627cam a2200241 i 4500</leader>
  <datafield tag="020" ind1=" " ind2=" ">
    <subfield code="a">9781413319835 (pbk.)</subfield>
  </datafield>
  <datafield tag="040" ind1=" " ind2=" ">
    <subfield code="c">DLC</subfield>
  </datafield>
  <datafield tag="082" ind1="0" ind2="0">
    <subfield code="a">346 NOL 2014 A113 Or.</subfield>
  </datafield>
  <datafield tag="100" ind1="1" ind2=" ">
    <subfield code="a">Hertz, Frederick,</subfield>
  </datafield>
  <datafield tag="245" ind1="1" ind2="0">
    <subfield code="a">Making it legal :</subfield>
    <subfield code="b">a guide to same-sex marriage, domestic partnerships &amp; civil unions /</subfield>
  </datafield>
  <datafield tag="250" ind1=" " ind2=" ">
    <subfield code="a">3rd Edition [reprinted].</subfield>
  </datafield>
  <datafield tag="300" ind1=" " ind2=" ">
    <subfield code="a">279 pages ;</subfield>
    <subfield code="c">23 cm</subfield>
  </datafield>
  <datafield tag="520" ind1=" " ind2=" ">
    <subfield code="a">" The ultimate guide to the past, present, and future of same-sex relationship laws in the U.S.  Same-sex relationships are treated differently under each state's laws, and more than a quarter of the U.S. population lives in a state with some form of legal recognition for same-sex couples. More than 100,000 same-sex couples have married.  Making It Legal is the only book that offers a comprehensive review of all the issues that influence the decision to marry and breaks down the complex and ever-changing rules of same-sex relationship laws. This book provides guidance on important issues that same-sex married couples may face:     - Is a pre-nup advisable? What does it involve?   - What happens when you want to file your taxes?   - When is a will or a living trust needed?   - What are the special needs of same-sex couples with kids?   - When should you turn to professionals for help during disagreements?   - How do you work with step-parents, past partners, and the blended family?     Nationally recognized same-sex relationship law expert Attorney Frederick Hertz and Attorney Emily Doskow have written the ultimate guide to the ultimate decision -- whether to enter into a marriage or other legal relationship with your same-sex partner.  Since the first edition was published, numerous changes have taken place across the country. Some states have legalized same-sex marriage, and others have passed laws stating that they will acknowledge same-sex marriages from other states. This edition is updated to account for these changes in state laws and projects additional changes likely to happen in the future"--</subfield>
  </datafield>
  <datafield tag="520" ind1=" " ind2=" ">
    <subfield code="a">"With the only comprehensive guide to same-sex relationship laws in the U.S., Making It Legal discusses the important factors involved in the personal decision to marry, along with the issues that every married couple may face: What are the special needs of same-sex couples with kids? What happens when you want to file your taxes? When is a will or a living trust needed? "--</subfield>
  </datafield>
  <datafield tag="650" ind1=" " ind2="0">
    <subfield code="a">Same-sex marriage</subfield>
  </datafield>
  <datafield tag="650" ind1=" " ind2="0">
    <subfield code="a">Civil unions</subfield>
  </datafield>
  <datafield tag="650" ind1=" " ind2="0">
    <subfield code="a">Gay couples</subfield>
  </datafield>
  <datafield tag="650" ind1=" " ind2="0">
    <subfield code="a">Gay rights</subfield>
  </datafield>
  <datafield tag="650" ind1=" " ind2="0">
    <subfield code="a">Divorce</subfield>
  </datafield>
  <datafield tag="650" ind1=" " ind2="0">
    <subfield code="a">Estate planning</subfield>
  </datafield>
  <datafield tag="700" ind1="1" ind2=" ">
    <subfield code="a">Doskow, Emily,</subfield>
  </datafield>
  <datafield tag="942" ind1=" " ind2=" ">
    <subfield code="c">EK</subfield>
  </datafield>
  <datafield tag="999" ind1=" " ind2=" ">
    <subfield code="c">17399</subfield>
    <subfield code="d">17399</subfield>
  </datafield>
  <datafield tag="952" ind1=" " ind2=" ">
    <subfield code="0">0</subfield>
    <subfield code="1">0</subfield>
    <subfield code="4">0</subfield>
    <subfield code="6">346_000000000000000_NOL_2014_A113_OR</subfield>
    <subfield code="7">0</subfield>
    <subfield code="9">75539</subfield>
    <subfield code="a">LBA</subfield>
    <subfield code="b">LBA</subfield>
    <subfield code="c">A113</subfield>
    <subfield code="d">2018-11-20</subfield>
    <subfield code="o">346 NOL 2014 A113 Or.</subfield>
    <subfield code="p">A35764</subfield>
    <subfield code="r">2018-11-20</subfield>
    <subfield code="w">2018-11-20</subfield>
    <subfield code="y">EK</subfield>
  </datafield>
  <datafield tag="952" ind1=" " ind2=" ">
    <subfield code="0">0</subfield>
    <subfield code="1">0</subfield>
    <subfield code="4">0</subfield>
    <subfield code="6">346_000000000000000_NOL_2014_A113_OR</subfield>
    <subfield code="7">0</subfield>
    <subfield code="9">75668</subfield>
    <subfield code="a">LBA</subfield>
    <subfield code="b">LBA</subfield>
    <subfield code="c">A114</subfield>
    <subfield code="d">2018-11-27</subfield>
    <subfield code="o">346 NOL 2014 A113 Or.</subfield>
    <subfield code="p">A35642</subfield>
    <subfield code="r">2018-11-27</subfield>
    <subfield code="y">EK</subfield>
  </datafield>
</record>
